00442cam a2200181 a 4500001000800000005001700008008004100025010001700066020001500083040002500098041000800123080000900131082001600140100000700156101000800163245005900171504003000230375090420180224030537.0820621s1983 mau b 001 0 eng  a 82012680  a0898381169 aDLCcDLCdDLCdOCoLC aeng a330 00a330 KEN2191 a52 aEKO14aThe limits of economic science :cRichard B. McKenzie. aBibliography: p. 119-121.